| 000 | 00765cab a2200253 4500 | ||
|---|---|---|---|
| 001 | WB2934-30 | ||
| 008 | 090401t1993 xxu||||| |||| 00| 0 eng d | ||
| 035 | _a(Sirsi) u25117 | ||
| 041 | _aeng | ||
| 245 | _aPrivatisation rust to beat CCT | ||
| 260 | _c1993 | ||
| 350 | _a0 | ||
| 490 |
_aBuilding _v258(7811) 17 September 1993, 7(1) |
||
| 520 | _aMore local authorities are seeking to privatise design and building management services to avoid the CCT rules. | ||
| 650 | _aCCT | ||
| 650 | _aCOMPULSORY COMPETITIVE TENDERING | ||
| 650 | _aKIRKLEES | ||
| 650 | _aLOCAL AUTHORITIES | ||
| 650 | _aPRIVATISATION | ||
| 650 | _aPROFESSIONAL SERVICES | ||
| 690 | _aMANAGEMENT-BUSINESS MANAGEMENT-PROFESSIONAL PRACTICE | ||
| 942 | _n0 | ||
| 948 | _c04/03/1997 | ||
| 999 |
_c16848 _d16848 |
||